000 00342nam a2200145Ia 4500
008 230917s9999||||xx |||||||||||||| ||und||
040 _e38837
_aMAIN
041 _aEnglish
082 _a822.08 P851N
100 _aPotter, Dennis
245 0 _aNigel Barton plays
260 _aEngland
_bPenguin Books
_c1967
300 _a123 p.
942 _cBK
999 _c68334
_d68334